00396 a2200157 4500003000400000005001700004008004100021020001800062040000900080082001800089100002100107245003900128250001200167260004900179300001000228OSt20240118123700.0240118b |||||||| |||| 00| 0 eng d a9788182719200 coclc a297.61bKAM/K aKamaludheen, K P aKhaleefa Usman /cK.P. Kamaludheen a2nd ed. aKozhikode:bIslamic Publishing House,c2018. a256p.